01146nab a22001937a 4500003000400000005001700004008004100021040000700062100002300069245012900092260007200221300001300293505036800306505008900674650001800763650001600781650003100797773012400828OSt20260121210323.0190502c xxu||||| |||| 00| 0 spa d cPJ aSandhagen, Alberto13aLa extradición pasiva :bun comentario sobre el precedente “Acosta Allende” de la Corte Suprema / cAlberto Sandhagen. aCiudad Autónoma de Buenos Aires :bThomson Reuters La Ley,c2024. ap. 33-50 aSumario: I. Objeto.— II. Antecedentes del proceso de extradición que derivó en la sentencia de la Corte.— III. Sentencia de la Corte Suprema de Justicia de la Nación.— IV. Una descripción del proceso de extradición pasiva.— V. Reflexiones sobre el proceso de extradición y lo resuelto por la Corte Suprema.— VI. Breves reflexiones finales.  t¿Te interesa el texto completo? Solicitalo al correo: koha@justierradelfuego.gov.ar 0aDERECHO PENAL 0aEXTRADICION 0aFALLOS DE LA CORTE SUPREMA0 02729dBuenos Aires : LexisNexis, 2006-tRevista de derecho penal y procesal penal. Nº 9 - Septiembre 2024z9875920622